Bundesland in Bildern - Schleswig-Holstein - Statistiken

Allgemein
  • Dieses Quiz wurde 36 mal gespielt
  • Das Durchschnittsergebnis liegt bei 7 aus 16
Antwortstatistiken
Bildquiz Antwort % Korrekt
Holstentor
93%
Kiel
79%
Sylt
69%
Nord-Ostsee-Kanal
62%
Lübecker Marzipan
59%
Lange Anna
55%
Hallig
52%
Kieler Woche
52%
Lübecker Altstadt
45%
THW Kiel
38%
Kraftfahrt-Bundesamt
31%
Travemünde
17%
Ratzeburg
14%
Marsch
10%
Buddenbrookhaus
7%
Westerheversand
7%
Keine übereinstimmenden Quizze gefunden
Verteilung der Resultate
Anzahl Personen mit jedem Resultat
Perzentil nach korrekt beantworteten Fragen
Ihre Resultats-Entwicklung
Sie haben dieses Quiz noch nicht gespielt